000 00339nam a2200133Ia 4500
008 240624s9999 xx 000 0 und d
041 _aeng
082 _a828 THA
100 _aTHAROOR SHASHI
245 _aERA OF DARKNESS THE BRITISH EMPIRE IN IN
260 _c2016
_aNew Delhi
_bAleph Book Company
300 _a360 p.
365 _cRS
_b30
999 _c29325
_d29325